European Union and India (Record no. 511572)

000 -LEADER
fixed length control field 00277nam a22000977a 4500
082 ## - DEWEY DECIMAL CLASSIFICATION NUMBER
Classification number B3N42 M691
245 ## - TITLE STATEMENT
Title European Union and India
Remainder of title Partners in progress
260 ## - PUBLICATION, DISTRIBUTION, ETC. (IMPRINT)
Place of publication, distribution, etc New Delhi
Name of publisher, distributor, etc Ambassador Micheal Caillouet
Date of publication, distribution, etc 2003
300 ## - PHYSICAL DESCRIPTION
Extent 47p.
650 ## - SUBJECT ADDED ENTRY--TOPICAL TERM
Topical term or geographic name as entry element Public administration
9 (RLIN) 11648
Holdings
Withdrawn status Lost status Source of classification or shelving scheme Damaged status Koha normalized classification for sorting Not for loan Permanent location Current location Date acquired Full call number Barcode Date last seen Price effective from Koha item type
        B_3N42_M691   Indian Institute of Public Administration Indian Institute of Public Administration 2019-09-27 B3N42 M691 GR21852 2019-09-27 2019-09-27 GR

Powered by Koha